00391nam a2200109Ia 4500008004100000050002500041100002700066245005700093260008600150300003300236521001200269140724s9999 xx 000 0 und d aG 155.A1b.L318 2012 aLarano, Ivan Nicoel D. aSolid Norhtern Connections /cIvan Nicoel D. Larano. aLas Piñas, Philippines :bSouthville International School and Colleges,cc2012. a30 p. :bcol. ill. ;c28 cm. aTourism